[Event "Andalucia-chB"]
[Site "Algeciras"]
[Date "2018.05.19"]
[Round "4"]
[White "Insua Conesa, Claudia"]
[Black "Correa Roque, Yanira"]
[Result "0-1"]
[WhiteElo "1079"]
[BlackElo "1400"]
[PlyCount "62"]
[EventDate "2018.05.18"]
[EventType "swiss"]
[EventRounds "6"]
[EventCountry "ESP"]
[SourceTitle "EXT 2020"]
[Source "ChessBase"]
[SourceDate "2019.10.17"]
[SourceVersion "1"]
[SourceVersionDate "2019.10.17"]
[SourceQuality "1"]

1. c4 e5 2. Nc3 Nf6 3. d3 Nc6 4. g3 d6 5. Bg2 Bd7 6. Nf3 Be7 7. 0-0 0-0 8. Bg5 h6 9. Bxf6 Bxf6 10. Nd5 Be6 11. Ne1 Rb8 12. a4 a6 13. b3 e4 14. Nxf6+ Qxf6 15. Bxe4 Bh3 16. Ng2 Ne5 17. Qd2 Ng6 18. Rab1 b6 19. Bc6 h5 20. Kh1 h4 21. Kg1 Bxg2 22. Kxg2 Qf5 23. Ra1 h3+ 24. Kg1 Qe5 25. Rab1 Rfd8 26. Kh1 Ne7 27. Bf3 d5 28. Bg4 dxc4 29. bxc4 Qd6 30. Rb3 Qc6+ 31. Kg1 Qg2# 0-1

[Event "Andalucia-chB"]
[Site "Algeciras"]
[Date "2018.05.18"]
[Round "1"]
[White "Correa Roque, Yanira"]
[Black "Melgar Guerrero, Salvador"]
[Result "0-1"]
[WhiteElo "1400"]
[BlackElo "1672"]
[PlyCount "160"]
[EventDate "2018.05.18"]
[EventType "swiss"]
[EventRounds "6"]
[EventCountry "ESP"]
[SourceTitle "EXT 2020"]
[Source "ChessBase"]
[SourceDate "2019.10.17"]
[SourceVersion "1"]
[SourceVersionDate "2019.10.17"]
[SourceQuality "1"]

1. e4 c5 2. d4 cxd4 3. c3 dxc3 4. Nxc3 Nc6 5. Bc4 e6 6. Nf3 h6 7. 0-0 Qc7 8. Be3 Nf6 9. Nb5 Qb8 10. Nbd4 Be7 11. Nxc6 bxc6 12. e5 Nd5 13. Bxd5 cxd5 14. Qd2 Qb4 15. Qc1 Bb7 16. a3 Qc4 17. Qd2 Qg4 18. h3 Qg6 19. Nd4 0-0 20. b4 f6 21. f4 fxe5 22. fxe5 Rac8 23. Rxf8+ Bxf8 24. Rc1 Rxc1+ 25. Qxc1 Qe4 26. Nf3 a6 27. Bd4 Bc6 28. Qb2 Bb5 29. Bc3 Be7 30. Nd4 Bc4 31. a4 Bg5 32. b5 axb5 33. axb5 Qd3 34. b6 Qf1+ 35. Kh2 Bf4+ 36. g3 Bxe5 37. Nxe6 Bxc3 38. b7 Bxb2 39. b8Q+ Kh7 40. Nf8+ Kg8 41. Nxd7+ Kf7 42. Qxb2 Qe2+ 43. Qxe2 Bxe2 44. Kg2 Bc4 45. Kf3 Ke6 46. Nf8+ Ke5 47. Ke3 d4+ 48. Kd2 Ke4 49. Nd7 Kf3 50. Ne5+ Kxg3 51. Nxc4 Kxh3 52. Nd6 Kg4 53. Ne4 h5 54. Kd3 h4 55. Kxd4 h3 56. Nf2+ Kg3 57. Ke3 h2 58. Nh1+ Kg2 59. Nf2 g5 60. Ke2 g4 61. Nxg4 h1Q 62. Ne3+ Kg3 63. Nf1+ Kf4 64. Nd2 Qg2+ 65. Kd3 Qd5+ 66. Ke2 Qa2 67. Kd3 Qa3+ 68. Kc2 Qa2+ 69. Kd3 Ke5 70. Nc4+ Kd5 71. Ne3+ Kc5 72. Nc2 Qb3+ 73. Kd2 Qb2 74. Kd3 Qb3+ 75. Kd2 Kc4 76. Ne3+ Kd4 77. Nc2+ Ke4 78. Kc1 Kd3 79. Ne1+ Kc3 80. Nd3 Qc2# 0-1